LEHGAL ETHICS (Record no. 8099)

MARC details
000 -LEADER
fixed length control field 00428nam a22001817a 4500
005 - DATE AND TIME OF LATEST TRANSACTION
control field 20230111124656.0
008 - FIXED-LENGTH DATA ELEMENTS--GENERAL INFORMATION
fixed length control field 221219b |||||||| |||| 00| 0 eng d
020 ## - INTERNATIONAL STANDARD BOOK NUMBER
ISBN 978-93-82676-01-0
041 ## - LANGUAGE CODE
Language code of text/sound track or separate title eng
082 ## - DEWEY DECIMAL CLASSIFICATION NUMBER
Classification number 340 RAI-L
100 ## - MAIN ENTRY--AUTHOR NAME
Personal name RAI , Dr. KAILASH
245 ## - TITLE STATEMENT
Title LEHGAL ETHICS
250 ## - EDITION STATEMENT
Edition statement 11th ed.
260 ## - PUBLICATION, DISTRIBUTION, ETC. (IMPRINT)
Name of publisher CENTRAL LAW PUBLICATIONS
Year of publication 2020
300 ## - PHYSICAL DESCRIPTION
Number of Pages 440;P.
650 ## - SUBJECT ADDED ENTRY--TOPICAL TERM
Topical Term LAW
942 ## - ADDED ENTRY ELEMENTS (KOHA)
Koha item type Books
Holdings
Lost status Damaged status Home library Current library Shelving location Date acquired Source of acquisition Cost, normal purchase price Full call number Accession Number Koha item type
    JRU Library JRU Library SHELF-30-D 21/10/2022 LOHIA BOOK INTERNATIONAL 570.00 340-RAI-L 27042 Books